Memorias de don Sebastián Lerdo de Tejada /
Obra que reúne dos volúmenes de las memorias de Sebastián Lerdo de Tejada (1823-1889), presidente de México de 1872 a 1876, ministro de relaciones exteriores y de la Suprema Corte de Justicia, cercano colaborador de Benito Juárez, a quién acompañó durante la intervención francesa, fue derrocado por...
Gespeichert in:
| 1. Verfasser: | |
|---|---|
| Format: | Buch |
| Sprache: | Spanisch |
| Veröffentlicht: |
Brownsville, EUA :
Tipografía de John P. Brown,
1911
|
| Ausgabe: | Edición corregida y aumentada |
| Schlagworte: | |
| Tags: |
Keine Tags, Fügen Sie das erste Tag hinzu!
|
MARC
| LEADER | 00000nam^a2200000^a^4500 | ||
|---|---|---|---|
| 001 | 000131616 | ||
| 005 | 20250526000000.0 | ||
| 009 | 20260310095030.178 | ||
| 037 | |a Acervo ITESO - Biblioteca | ||
| 041 | |a ESP | ||
| 082 | |a 972. 0512 |b LER | ||
| 100 | |a Lerdo de Tejada, Sebastián |e (autor) | ||
| 245 | 1 | 0 | |a Memorias de don Sebastián Lerdo de Tejada / |c S. Lerdo de Tejada. |
| 250 | |a Edición corregida y aumentada | ||
| 264 | 1 | |a Brownsville, EUA : |b Tipografía de John P. Brown, |c 1911 | |
| 300 | |a 184, VI p. ; |c 19.5 cm. | ||
| 336 | |a texto |b txt |2 rdacontenido | ||
| 337 | |a sin mediación |b n |2 rdamedio | ||
| 338 | |a volumen |b nc |2 rdasoporte | ||
| 520 | |a Obra que reúne dos volúmenes de las memorias de Sebastián Lerdo de Tejada (1823-1889), presidente de México de 1872 a 1876, ministro de relaciones exteriores y de la Suprema Corte de Justicia, cercano colaborador de Benito Juárez, a quién acompañó durante la intervención francesa, fue derrocado por el levantamiento dirigido por Porfirio Díaz, se exilió en la ciudad de Nueva York desde 1877 y permaneció ahí hasta su muerte. | ||
| 649 | |a XX | ||
| 650 | |a Jefes de Estado Mexicanos - |x Memorias | ||
| 650 | |a Políticos Mexicanos - |x Memorias | ||
| 650 | |a Política - |z México - |x Historia - |y 1872-1876 | ||
| 650 | |a Política - |z México - |x Historia - |y República Liberal, 1867-1911 | ||
| 650 | |a Política - |z México - |x Historia - |y Siglo XIX | ||
| 650 | |a México - |x Historia - |y 1872-1876 - |x Tema Principal | ||
| 650 | |a México - |x Historia - |y República Liberal, 1867-1911 | ||
| 650 | |a México - |x Historia - |y Siglo XIX | ||
| 650 | |a Lerdo de Tejada, Sebastián - |x Tema Principal | ||
| 910 | |a Fondo Salvador Reynoso Reynoso | ||
| 920 | |a Impresos - Libros | ||
| 930 | |a Libros Antiguos y Raros | ||
| 905 | |a 108 | ||
| 901 | |a 0800011489 |b IT2 |c LRA |u 20250526 | ||
| 902 | |a https://opac.biblio.iteso.mx/vufind/Record/000131616 | ||